banner koha

A terceira competência: (Registro n. 9938)

MARC details
000 -LÍDER
Campo de controle fixo 00598nam a22002297a 4500
003 - CÓDIGO MARC DA AGÊNCIA CATALOGADORA
Campo de controle BR-BrBNA
005 - DATA E HORA DA ÚLTIMA ATUALIZAÇÃO
Campo de controle 20230831133615.0
008 - CAMPO DE TAMANHO FIXO
Campo fixo de controle 230831b bl.||||| |||| 00| 0 por d
020 ## - ISBN - INTERNATIONAL STANDARD BOOK NUMBER
ISBN 8573035056
040 ## - FONTE DA CATALOGAÇÃO
Agência catalogadora BR-BrBNA
Idioma da catalogação por
041 ## - CÓDIGO DO IDIOMA
Código do Idioma por
072 ## - CATEGORIA DE CLASSIFICAÇÃO
Código da categoria de assunto D10
100 ## - ENTRADA PRINCIPAL - NOME PESSOAL
Nome pessoal Gomes, Jorge Fornari.
245 ## - TÍTULO PRINCIPAL
Título principal A terceira competência:
Subtítulo um convite a revisão do seu modelo de gestão. /
260 ## - IMPRENTA (PUBLICAÇÃO, DISTRIBUIÇÃO, ETC.)
Lugar de publicação, distribuição, etc. Rio de Janeiro:
Nome do editor, distribuidor, etc. Qualitymark,
Data de publicação, distribuição, etc 2004.
300 ## - DESCRIÇÃO FÍSICA
Extensão 247 p.
650 ## - ASSUNTO
Cabeçalho tópico ou nome geográfico ADMINISTRAÇÃO
650 ## - ASSUNTO
Cabeçalho tópico ou nome geográfico ÉTICA
909 ## - IDENTIFICAÇÃO DO CATALOGADOR
Ano e mês da catalogação (aaaamm) 08/2023
Identificação do catalogador Sarah
942 ## - TIPO ESPECÍFICO
Tipo de material Livros
Exemplares
Status de empréstimo Fonte de classificação Status de danificação Não pode ser emprestado Código da coleção Localização permanente Localização atual Localização na estante Total Checkouts Número de chamada Código de barras Date last seen Tipo de material Perdido Data de aquisição Fonte de aquisição Qualificador de localização codificada Preço Número de inventário Preço para reposição Preço efetivo a partir de
  Classificação AGRIS     Acervo Cultural Biblioteca Nacional de Agricultura - Binagri Biblioteca Nacional de Agricultura - Binagri Acervo Cultural   D10 BS2023000126 2023-436298 31/08/2023 Livros                

BINAGRI

Telefone: (61)3218-2567/2388/3357/2097 - binagri@agro.gov.br

Ministério da Agricultura e Pecuária , Esplanada dos Ministérios, Bloco D, Anexo B, Brasília/DF, CEP: 70.043-900